|
|
|
|
| LEADER |
01333nam a22003494i 4500 |
| 001 |
31476 |
| 003 |
BD-DhAAL |
| 005 |
20161115170033.0 |
| 008 |
161115s2014 nyua b 001 0 eng |
| 020 |
|
|
|a 9780415782562 (hardback)
|
| 020 |
|
|
|a 9780415782579 (paperback)
|
| 020 |
|
|
|z 9781315814773 (e-book)
|
| 040 |
|
|
|a DLC
|b eng
|c DLC
|e rda
|d DLC
|d BD-DhAAL
|
| 050 |
0 |
0 |
|a JC49
|b .M259 2014
|
| 082 |
0 |
0 |
|a 320.55/7
|2 23
|
| 100 |
1 |
|
|a Mandaville, Peter G.,
|d 1971-
|9 20761
|
| 240 |
1 |
0 |
|a Global political Islam
|
| 245 |
1 |
0 |
|a Islam and politics /
|c Peter Mandaville.
|
| 250 |
|
|
|a Second edition.
|
| 264 |
|
1 |
|a New York :
|b Routledge,
|c 2014.
|
| 300 |
|
|
|a xvi, 439 pages :
|b illustrations ;
|c 24 cm
|
| 500 |
|
|
|a Previous edition published 2007 under title: Global political Islam.
|
| 504 |
|
|
|a Includes bibliographical references and index.
|
| 520 |
|
|
|a "Introduction to Islam and Politics"--
|
| 526 |
|
|
|a ESS
|
| 541 |
|
|
|e 31476
|
| 650 |
|
0 |
|a Islam and politics.
|9 20762
|
| 650 |
|
7 |
|a HISTORY / Middle East / General.
|2 bisacsh
|9 20763
|
| 650 |
|
7 |
|a POLITICAL SCIENCE / General.
|2 bisacsh
|9 20764
|
| 942 |
|
|
|2 ddc
|c BK
|
| 999 |
|
|
|c 37901
|d 37901
|
| 952 |
|
|
|0 0
|1 0
|2 ddc
|4 0
|6 320_557000000000000_MAN
|7 0
|9 59806
|a BRACUL
|b BRACUL
|c GEN
|d 2016-11-10
|e Trim Education
|g 2257.00
|l 4
|m 66
|o 320.557 MAN
|p 3010031476
|r 2025-10-19
|s 2025-02-03
|v 2257.00
|w 2016-11-10
|y BK
|